MARC

LEADER 00000nam0a2200000 4500
001 141450
005 20231031142435.0
029 1 0 |a RU  |b 5.01.04-84  |c СНиП 
035 |a (RuTPU)RU\TPU\book\153314 
035 |a RU\TPU\book\153313 
090 |a 141450 
100 |a 20080814d1985 k a0rusy50 ca 
101 0 |a rus 
102 |a RU 
105 |a a l 000zy 
200 1 |a Нормы расходов материалов, изделий и труб на 1 млн. руб. сметной стоимости строительно-монтажных работ  |a Химическая промышленность. Нефтехимическая промышленность  |f Госстрой СССР 
205 |a Изд. офиц. 
210 |a Москва  |c Стройиздат  |d 1985 
215 |a 72 с.  |c ил. 
225 1 |a Строительные нормы и правила 
229 |a Утверждены постановлением Государственного комитета СССР по делам строительства и Государственного планового комитета СССР от 10 января 1984 г. № 2/4  |a Взамен СН 424-78, СН 526-80 
610 1 |a СНиПы 
610 1 |a строительные нормы и правила 
610 1 |a сметные нормы 
610 1 |a нормы расхода 
610 1 |a материалы 
610 1 |a строительно-монтажные работы 
610 1 |a химическая промышленность 
610 1 |a нефтехимическая промышленность 
610 1 |a трубы 
610 1 |a цемент 
610 1 |a лесоматериалы 
610 1 |a кирпичи 
610 1 |a санитарно-технические изделия 
675 |a 69(083)  |v 3 
675 |a 66(083)  |v 3 
712 0 1 |a СССР  |b Государственный комитет по делам строительства (Госстрой СССР)  |c (1950-1991)  |2 stltpush  |3 (RuTPU)RU\TPU\col\7934 
801 1 |a RU  |b 63413507  |c 20080812  |g PSBO 
801 2 |a RU  |b 63413507  |c 20221207  |g PSBO 
942 |c BK